Confessioni di una coppia scambista /

Guardat en:
Dades bibliogràfiques
Autor principal: Mazzucato, Francesca, (1965- ) (Autor)
Format: Llibre
Idioma:italià
Publicat: Bologna : Giraldi, [2006]
Etiquetes: Afegir etiqueta
Sense etiquetes, Sigues el primer a etiquetar aquest registre!

MARC

LEADER 00000nam a22000007i 4500
001 IT\ICCU\UBO\2929574
003 ItRI
005 20260115231957.0
008 060309s2006 it |||||| ||||| |||||c
020 |a 8889435461 
040 |b ita  |c importazione bologna sebina 
041 7 |a ita  |2 ISO-639-2 
100 1 |a Mazzucato, Francesca,  |d  (1965- )  |0 IT\ICCU\RAVV\095313  |4 aut 
245 1 0 |a Confessioni di una coppia scambista /  |c Francesca Mazzucato. 
260 |a Bologna :  |b Giraldi,  |c [2006] 
300 |a 221 p. ;  |c 21 cm. 
942 |2 ddc  |c BK  |n 0 
952 |0 0  |1 0  |4 0  |6 DOC_853_920000000000000_MAZ  |7 0  |9 18329  |a BO  |b BO  |d 2026-01-15  |i 12229  |l 0  |o DOC 853.92 MAZ  |p BO12229  |r 2026-01-15 23:19:57  |w 2026-01-15  |x [Sebina 5] [1 v.]  |y BK  |z 1 v. 
999 |c 15516  |d 15516